| 000 | 01528nam0a22003251 4500 | ||
|---|---|---|---|
| 001 | rc\4461611 | ||
| 005 | 20130416163256.2 | ||
| 021 |
_aRU _b[67-93189] |
||
| 035 | _a(NLR Aleph) 008591790 | ||
| 090 |
_a8648338 _c8648338 |
||
| 100 | _a20130416d1967 |||y0rusy50 ca | ||
| 101 | 0 | _arus | |
| 102 | _aRU | ||
| 105 | _aac z ||||| | ||
| 200 | 1 |
_aИнтернационалисты _eТрудящиеся зарубежных стран - участники борьбы за власть Советов _f[Отв. ред. А.Я. Манусевич] _gАН СССР. ИН-т славяноведения |
|
| 210 |
_aМосква _cНаука _d1967 |
||
| 215 |
_a614 с., 1 л. портр. _cил. _d22 |
||
| 300 | _aАвт. глав.: В.Р. Копылов, А.Х. Клеванский, А.Я. Манусевич и др. | ||
| 320 | _aУказатель имен: с. 599-611 | ||
| 606 |
_aИностранцы в Великой Октябрьской социалистической революции и гражданской войне в СССР _2psbo |
||
| 606 |
_aПролетарский интернационализм _2psbo |
||
| 701 | 1 |
_aКопылов _bВ. Р. |
|
| 701 | 1 |
_aМанусевич _bА. Я. _gАлександр Яковлевич _4340 |
|
| 701 | 1 |
_aКлеванский _bА. Х. |
|
| 712 | 0 | 2 |
_aИнститут славяноведения _cМосква _3RU\NLR\AUTH\889998985 |
| 801 | 0 |
_aRU _bNLR _gpsbo |
|
| 801 | 1 |
_aRU _bELAR _2rusmarc |
|
| 852 |
_aNLR _j67-5/5266 |
||
| 942 | _cBOOK | ||
| 980 | _aNB | ||